Dangerous goods regulations: IATA resolution 618, attachment A

Kaydedildi:
Detaylı Bibliyografya
Materyal Türü: Kitap
Dil:İngilizce
Baskı/Yayın Bilgisi: Montreal IATA 1992
Edisyon:33a. ed
Konular:
Etiketler: Etiketle
Etiket eklenmemiş, İlk siz ekleyin!

MARC

LEADER 00000nam a2200000 a 4500
001 UCV4770
003 CL-VaPUC
008 920703e19920000CN |||||||||||||||||eng|d
082 0 4 |a 343.097  |b DAN  |2 21 
245 1 0 |a Dangerous goods regulations: IATA resolution 618, attachment A 
250 |a 33a. ed 
300 |a 568 p 
942 |c BK 
945 |d 19920703 00:00:00 
260 |a Montreal  |b IATA  |c 1992 
650 7 |a AVIACION COMERCIAL CARGA  |2 CL-VaPUC  |9 260782 
650 7 |a TRANSPORTE  |2 CL-VaPUC  |9 256365 
650 0 |a Derecho y legislación   |9 255077 
650 7 |a MERCANCIAS PELIGROSAS  |2 CL-VaPUC  |9 260783 
583 |a last modification  |c 19920703 00:00:00  |k Rodrigo Vera 
999 |c 211448  |d 211446 
952 |0 0  |1 0  |4 0  |6 343_097000000000000_DAN_1992  |7 0  |8 A  |9 190786  |a BIBING  |b BIBING  |d 2019-11-14  |i 2584395  |o 343.097 DAN 1992  |p 2584395  |r 2025-01-20  |w 2019-11-14  |y BK  |k TRA